01522nam a2200265Ia 4500001000600000003000900006008004100015040001300056040001300069041001300082100002800095100002900123240002400152240003500176245003900211245003900250250001100289260001100300260000900311260004600320300005900366500077500425650002501200650003101225B6234IT-RoPAU130308s9999 xx 000 0 und d aIT-RoPAU cIT-RoPAU aITALIANO aQuintiliano Marco Fabio gCodice Aut. SPICS: 38999 aINSTITUTIO ORATORIA gCodice Tit. Orig. Spics: T2678 aIstituzione oratoria (L')-2 Volumi bIstituzione Oratoria (L')-2 Volumi a3a ed. aTORINO bUTET c1992 [1° Ed.:1968 - Ed.Ling.Originale:0] a"1594 p. (prefazione: no ; testo: 1594 [pagine: 0-0])" aTesto dell'Opera in Italiano con testo Originale Latino a Fronte. Introduzione e cura di Rino Faranda e Piero Pecchiura. Note biografiche Sull'Autore. Introduzione al testo : Contenuto dell'Opera Scritta nel 96 Dopo Cristo. Divisa in 12 Libri. Nota bibliografica e Nota Critica su Ogni Singolo Libro.Sunto Dettagliato del Contenuto di Ogni Libro: Come bisogna Impartire I Primi rudimenti del Sapere. Quando Affidare Il Ragazzo al maestro di Retorica. Essenza della Retorica e Sua Definizione. Retorica Come Arte. Origini e Parti della Retorica. Eloquenza. figure Retoriche. Tropi. Come Declamare. Strumenti dell'arte Oratoria. Stile Oratorio. Conoscenza del Diritto e Difesadelle Cause. L'Oratore Deve Essere un Uomo Onesto. indice dei Nomi e Delletavole Illustrative. aSAGGI DI LINGUISTICA eCodice materia Spics: 3207